Нормален изглед
MARC изглед
- Карима, Ана
Вход 01. Лично име
001 - Контролен номер на записа
- Контролно поле: 460141
003 - Код на организацията, даваща контролен номер
- Контролно поле: BLK
005 - Дата и час на последна промяна на записа
- Контролно поле: 20230504160059.0
008 - Данни с фиксирана дължина – обща информация
- Данни с фиксирана дължина : 210719|| aca||aabn | a|a d
100 ## - ИМЕ НА ЛИЦЕ -ПЪРВИЧНА ИНТЕЛЕКТУАЛНА ОТГОВОРНОСТ
- Лично име: Карима, Ана
- Пълна форма на името: Велкова, Ана Тодорова
- Дати, свързани с автора: 1870-1949
942 ## - Системна служебна употреба
- Koha auth type: PERSO_NAME